000 00609nam a2200193 a 4500
005 20140310183458.0
008 091207s19uu xx 00 eng d
020 _a9781433803970
050 _aRC 455.4.A94
_b.D57 2009
245 _aDisgust and its disorders :
_btheory, assessment, and treatment implications /
260 _aWashington, DC :
_bAmerican Psychological Association,
_c2009.
300 _a321 p. :
_bill. ;
_c25 cm.
521 _aPSYCH
650 _aPhobic disorder
_xPsychology.
650 _aPhobic disorders
_xtherapy.
700 _aMcKay, Dean
942 _cBK
_2lcc
_kFOR
999 _c23731
_d23731